Szybkie pisanie od A do Z - Statystyki

Ogólne statystyki
  • Ten quiz został rozwiązany 160 razy
  • Średni wynik to 22 z 27
Statystyki odpowiedzi
Litera % Poprawnych
A
99%
B
94%
E
92%
H
92%
D
91%
F
91%
I
91%
C
90%
J
90%
K
90%
G
87%
L
86%
O
85%
R
82%
T
82%
S
81%
S
81%
W
81%
M
80%
N
80%
P
80%
U
80%
Y
80%
Z
72%
Q
67%
X
63%
V
58%
Nie znaleziono quizów pasujących do podanych kryteriów
Rozkład punktacji
Procent ludzi z każdym wynikiem
Percentyl według liczby udzielonych odpowiedzi
Twoja historia wyników
Nie rozwiązałeś tego quizu